Guess the 2025 Meme - Statistics

General Stats
  • This quiz has been taken 193 times
  • The average score is 6 of 16
Answer Stats
Picture Hint Answer % Correct
most famous meme 67
96%
italian brainrot tung tung tung sahur
74%
yellow condiment mustard
72%
in the big____🥀 25
65%
number 40-50 41
54%
type of blud diddy blud
51%
niche instagram meme 61
45%
niche instagram meme khaby lame mechanism
44%
clash of clans card berserker
42%
russian meme totr
36%
bullied his dog hassan
27%
niche instagram meme PS4 repairman
12%
niche instagram meme azerbaijan technology
8%
niche instagram meme blue collar bob
6%
niche instagram meme le fruitcake
5%
taxi in a country zimbabwe taxi
4%
No matching quizzes found
Score Distribution
Percent of People with Each Score
Percentile by Number Answered
Your Score History
You have not taken this quiz